Outer banks season 2 quiz - Statistics

General Stats
  • This quiz has been taken 3,820 times
  • The average score is 9 of 15
Answer Stats
Question Answer % Correct
How many episodes is there in season 2? 10
98%
Who tried to break John B out of prison? JJ
87%
Who saved Sarah from being drowned by Rafe? Topper
82%
What is the name of the girl who helps John B and Sarah in the Bahamas and later becomes a pogue? Cleo
80%
Finally, who turns out to be alive? Big John
72%
Who killed Gavin? Ward Cameron
70%
What animal did John B get bitten by? Alligator
63%
What animal does JJ want to put on the flag of poguelandia? Chicken
51%
What did Pope have an allergic reaction to? Wasps
51%
Where in the Bahamas did John B and Sarah end up? Nassau
50%
Where did Kiara's parents threaten to send her if she kept seeing her friends? Boarding school
45%
What is the name of the lady trying to find a key that belongs to Pope's family? Limbrey
45%
Who hid the cross in the church? Denmark Tanny
42%
Where did the group hide to get on the boat? Container
29%
What date was season 2 of outer banks released? 30th July
28%
No matching quizzes found
Score Distribution
Percent of People with Each Score
Percentile by Number Answered
Your Score History
You have not taken this quiz